00573cam a22001932a 4500001000900000003001100009008004300020020001800063100002700081245008700108260001100195260004500206260001200251260000900263300002500272440003100297500002700328650002400355 008641 AR-FADEU 311216n1996####xxu####################dd a84-88986-67-X aPérez Ortiz, Lourdes aLas necesidades de las personas mayores en España : vejez, economía y sociedad aMadrid bMinisterio de Trabajo y Asuntos Sociales bIMSERSO c1996 a522 P. : cuad., graf aDocumentos técnicos n89 aIncluye bibliografía aTERCERA EDAD; VEJEZ